The pillars of the house, or, Under wode, under rode / (Record no. 168075)
[ view plain ]
| 000 -LEADER | |
|---|---|
| campo de control de longitud fija | 00747nam a2200193 i 4500 |
| 001 - NÚMERO DE CONTROL | |
| campo de control | 168075 |
| 003 - IDENTIFICADOR DE NÚMERO DE CONTROL | |
| campo de control | ES-MaACL |
| 005 - FECHA Y HORA DE LA ÚLTIMA TRANSACCIÓN | |
| campo de control | 20230906213656.0 |
| 008 - DATOS DE LONGITUD FIJA--INFORMACIÓN GENERAL | |
| campo de control de longitud fija | 051005s1873 gw | |||||||| ||eng d |
| 040 ## - FUENTE DE CATALOGACIÓN | |
| Centro catalogador/agencia de origen | CAM |
| Lengua de catalogación | spa |
| Centro/agencia transcriptor | CAM |
| 100 1# - ENTRADA PRINCIPAL--NOMBRE DE PERSONA | |
| Nombre de persona | Yonge, Charlotte Mary ( |
| Fechas asociadas al nombre | 1823-1901) |
| 9 (RLIN) | 133993 |
| 245 14 - MENCIÓN DEL TÍTULO | |
| Título | The pillars of the house, or, Under wode, under rode / |
| Mención de responsabilidad, etc. | by Charlotte M. Yonge. |
| 260 ## - PUBLICACIÓN, DISTRIBUCIÓN, ETC. | |
| Lugar de publicación, distribución, etc. | Leipzig : |
| Nombre del editor, distribuidor, etc. | Bernhard Tauchnitz, |
| Fecha de publicación, distribución, etc. | 1873. |
| 300 ## - DESCRIPCIÓN FÍSICA | |
| Extensión | 5 v. ; |
| Dimensiones | 16 cm. |
| 490 1# - MENCIÓN DE SERIE | |
| Mención de serie | Collection of british authors ; |
| Designación de volumen o secuencia | 1327-1330 ; 1350 |
| 830 0# - PUNTO DE ACCESO ADICIONAL DE SERIE-TÍTULO UNIFORME | |
| Título uniforme | Collection of british authors ; |
| Designación de volumen o secuencia | 1327-1330 ; 1350 |
| 9 (RLIN) | 180703 |
| 852 ## - LOCALIZACIÓN | |
| Ubicación | ES-MaACL |
| Número de control de estantería | G-13103-04 |
| Nota libre | -- Enc. hol., conservando la cub. original |
| condición física | -- Falta el T. V |
| Nota libre | -- Enc. 4 t. en 2 v. |
| Estatus retirado | Estado de pérdida | Estado de daño | No para préstamo | Colección | Biblioteca de origen | Biblioteca actual | Ubicación en estantería | Fecha de adquisición | Total de préstamos | Signatura topográfica completa | Código de barras | Visto por última vez | Precio de reemplazo | Tipo de ítem Koha |
|---|---|---|---|---|---|---|---|---|---|---|---|---|---|---|
| Libros del s. XIX | Biblioteca del Ateneo de Madrid | Biblioteca del Ateneo de Madrid | Sala Pecera Planta 3 | 17/01/2008 | G-13103-04 | 1176330 | 23/02/2023 | 23/02/2023 | Libro impreso antiguo |
